<?xml version="1.0" encoding="UTF-8"?>
<collection xmlns="http://www.loc.gov/MARC21/slim">
 <record>
  <leader>01572nam a2200205Ia 4500</leader>
  <controlfield tag="001">CTU_227739</controlfield>
  <controlfield tag="008">210402s9999    xx            000 0 und d</controlfield>
  <datafield tag="082" ind1=" " ind2=" ">
   <subfield code="a">306.0952</subfield>
  </datafield>
  <datafield tag="082" ind1=" " ind2=" ">
   <subfield code="b">S947</subfield>
  </datafield>
  <datafield tag="100" ind1=" " ind2=" ">
   <subfield code="a">Sugimoto, Yoshio</subfield>
  </datafield>
  <datafield tag="245" ind1=" " ind2="3">
   <subfield code="a">An introduction to Japanese society</subfield>
  </datafield>
  <datafield tag="245" ind1=" " ind2="0">
   <subfield code="c">Yoshio Sugimoto</subfield>
  </datafield>
  <datafield tag="260" ind1=" " ind2=" ">
   <subfield code="a">Cambridge, UK</subfield>
  </datafield>
  <datafield tag="260" ind1=" " ind2=" ">
   <subfield code="b">Cambridge University Press</subfield>
  </datafield>
  <datafield tag="260" ind1=" " ind2=" ">
   <subfield code="c">2003</subfield>
  </datafield>
  <datafield tag="520" ind1=" " ind2=" ">
   <subfield code="a">An Introduction to Japanese Society remains essential reading for students of Japanese society. Internationally renowned scholar Yoshio Sugimoto uses both English and Japanese sources to update and expand upon his original narrative in this sophisticated yet highly readable text. This book explores the breadth and diversity of Japanese society, with chapters covering class, geographical and generational variation, work, education, gender, minorities, popular culture and the establishment. Updates include an exploration of the 'Cool Japan' phenomenon and the explosion of Japanese culture overseas. This edition also features the latest research into Japanese society, updated statistical data, and coverage of recent events including the 2011 earthquake and tsunami, and the change in government. Written in a clear and engaging style, An Introduction to Japanese Society provides an insight into all aspects of a diverse and ever-evolving contemporary Japan.</subfield>
  </datafield>
  <datafield tag="650" ind1=" " ind2=" ">
   <subfield code="a">Nhật Bản,Japan</subfield>
  </datafield>
  <datafield tag="650" ind1=" " ind2=" ">
   <subfield code="x">Phong tục và đời sống xã hội,Social life and customs</subfield>
  </datafield>
  <datafield tag="910" ind1=" " ind2=" ">
   <subfield code="b">dqhieu</subfield>
  </datafield>
  <datafield tag="980" ind1=" " ind2=" ">
   <subfield code="a">Trung tâm Học liệu Trường Đại học Cần Thơ</subfield>
  </datafield>
 </record>
</collection>
